Saisons de Koh Lanta - Statistiques

Statistiques générales
  • Ce quiz a été pris 291 fois
  • Le résultat moyen est 16 sur 24
Statistiques - réponses
Saison n° Réponse % Correct
Saison spéciale 3 Koh-Lanta: Le retour des héros
78%
18 Koh-Lanta: Fidji
76%
Saison spéciale 6 Koh-Lanta: L'île des héros
76%
15 Koh-Lanta: Thaïlande
73%
10 Koh Lanta: Vietnam
73%
1 Les aventuriers de Koh Lanta
70%
17 Koh-Lanta: Cambodge
69%
14 Koh-Lanta: Johor
68%
Saison spéciale 2 Koh-Lanta: Le choc des héros
68%
12 Koh Lanta: Malaisie
68%
9 Koh Lanta: Palau
67%
11 Koh Lanta: Raja Ampat
67%
Saison spéciale 1 Koh-Lanta: La revanche des héros
65%
Saison spéciale 5 Koh-Lanta: Le combat des héros
63%
6 Koh Lanta: Vanuatu
62%
20 Koh-Lanta: La guerre des chefs
61%
16 Koh-Lanta: L'île au trésor
60%
7 Koh Lanta: Palawan
58%
3 Koh Lanta: Bocas del Toro
56%
8 Koh Lanta: Caramoan
56%
4 Koh Lanta: Panama
56%
Saison spéciale 4 Koh-Lanta: La nouvelle édition
54%
5 Koh Lanta: Pacifique
53%
2 Koh Lanta: Nicoya
48%
Aucun quiz correspondant
Distribution des résultats
% des personnes avec chaque résultat
Percentile par nombre de réponses
Votre historique - résultats
Vous n’avez pas pris ce quiz